000 00461nam a2200193Ia 4500
008 210210b2008 xxu||||| |||| 00| 0 eng d
041 _aeng
082 _a361.614K REVM
100 _aREVAYYA ODEYAR
245 _aManava hakkugalu: manavateya shasana rupa
260 _aBengaluru
_b-
_c2008
300 _a109
650 _ashasana
650 _aroopa
650 _aManava
650 _ahakkugalu:manavateya
690 _aHuman Rights
906 _a065361
999 _c142530
_d142530